Dopasuj imię do nazwiska - polskie sportsmenki - Statystyki

Ogólne statystyki
  • Ten quiz został rozwiązany 62 razy
  • Średni wynik to 15 z 20
Statystyki odpowiedzi
Hint Odpowiedź % Poprawnych
Iga Świątek
96%
Justyna Kowalczyk
94%
Julia Szeremeta
94%
Otylia Jędrzejczak
92%
Anita Włodarczyk
92%
Ewa Pajor
85%
Agnieszka Radwańska
83%
Kamila Skolimowska
83%
Maja Włoszczowska
83%
Irena Szewińska
81%
Magda Linette
77%
Maria Andrejczyk
75%
Halina Konopacka
75%
Aleksandra Mirosław
75%
Monika Pyrek
75%
Sylwia Gruchała
71%
Anna Rogowska
52%
Joanna Wołosz
52%
Elżbieta Duńska-Krzesińska
50%
Małgorzata Dydek
50%
Nie znaleziono quizów pasujących do podanych kryteriów
Rozkład punktacji
Procent ludzi z każdym wynikiem
Percentyl według liczby udzielonych odpowiedzi
Twoja historia wyników
Nie rozwiązałeś tego quizu